| 000 | 01301nam0a22003371 4500 | ||
|---|---|---|---|
| 001 | rc\4365654 | ||
| 005 | 20201120131134.0 | ||
| 021 |
_aRU _b[68-61649] |
||
| 035 | _a(NLR Aleph) 008538176 | ||
| 090 |
_a8330382 _c8330382 |
||
| 100 | _a20130416d1968 |||y0rusy50 ca | ||
| 101 | 0 | _arus | |
| 102 | _aRU | ||
| 105 | _aa z ||||| | ||
| 200 | 1 |
_aЖизнь, отданная науке _e[О К.Э. Циолковском] |
|
| 210 |
_aТула _cПриок. кн. изд-во _d1968 |
||
| 215 |
_a163 с. _cил. _d15 |
||
| 300 | _aПеред загл. авт.: В.Н. Голоушкин, А.В. Костин, П.И. Леонтьев | ||
| 320 | _aБиблиогр.: с. 160-162 | ||
| 606 |
_aМежпланетные полеты _2psbo |
||
| 606 |
_aРакетная техника в СССР _2psbo |
||
| 700 | 1 |
_aГолоушкин _bВ. Н. _gВладимир Николаевич |
|
| 701 | 1 |
_aКостин _bА. В. _gАлексей Вениаминович |
|
| 701 | 1 |
_aЛеонтьев _bП. И. _gПетр Иванович |
|
| 702 | 1 |
_aЦиолковский _bК. Э. _f1857-1935 _gКонстантин Эдуардович _3RU\NLR\AUTH\7714608 _4570 |
|
| 801 | 0 |
_aRU _bNLR _gpsbo |
|
| 801 | 1 |
_aRU _bELAR _2rusmarc |
|
| 852 |
_aNLR _j68-1/623 |
||
| 942 | _cBOOK | ||
| 980 | _aNB | ||